000
00222nam a22000857a 4500
008
161022b xxu||||| |||| 00| 0 eng d
100
_9
939
_a
Verma.R.
245
_a
Science-CCE-XI
260
_a
New Delhi
_b
S. Chand Publications
_c
2012
999
_c
3593
_d
3593